Regionálne disparity v hospodárstve Indickej republiky diplomová práca

Enregistré dans:
Détails bibliographiques
Auteur principal: Darivčáková, Dana
Collectivité auteur: Fakulta medzinárodných vzťahov EU. Katedra medzinárodných ekonomických vzťahov a hospodárskej diplomacie
Autres auteurs: Grešš, Martin, 1978-
Format: Livre
Langue:slovaque
Publié: Bratislava 2013
Tags: Ajouter un tag
Pas de tags, Soyez le premier à ajouter un tag!

MARC

LEADER 00000nbm a2200000 4500
001 0170607
005 20161109102357.9
041 0 |a slo 
044 |a SK 
245 1 0 |a Regionálne disparity v hospodárstve Indickej republiky  |b diplomová práca  |c Dana Darivčáková ; školiteľ: Martin Grešš 
264 1 |a Bratislava  |c 2013 
300 |a 65 s. 
100 1 |a Darivčáková, Dana 
700 1 |a Grešš, Martin, 1978- 
710 2 |a Fakulta medzinárodných vzťahov EU. Katedra medzinárodných ekonomických vzťahov a hospodárskej diplomacie